Apuntes de un viaje : (Registro nro. 7870)
[ vista simple ]
| 000 -LIDER | |
|---|---|
| fixed length control field | 00892nam a2200265 a 4500 |
| 001 - NÚMERO DE CONTROL | |
| Identificador de número de control | 000026930 |
| 003 - IDENTIFICACDOR DE NÚMERO DE CONTROL | |
| control field | DO-SdBNP |
| 005 - DATE AND TIME OF LATEST TRANSACTION | |
| control field | 20171009134041.0 |
| 007 - CAMPOS FIJOS DE DESCRIPCIÓN FÍSICA | |
| fixed length control field | 000026930 |
| 008 - ELEMENTOS DE LONGITUD FIJA | |
| fixed length control field | 110328s1973 dr 000 0 spa d |
| 040 ## - FUENTE DE CATALOGACIÓN | |
| Agencia que crea de manera original el registro | BPMSU |
| Idioma de catalogación | spa |
| Agencia que realiza la transcripción | BPMSU |
| 082 #4 - NÚMERO DE CLASIFICACIÓN DECIMAL DE DEWEY | |
| Edition number | |
| Classification number | 917.293 |
| Item number | M378a |
| 100 1# - ASIENTO PRINCIPAL -- NOMBRE PERSONAL | |
| Nombre personal | Martí, José, |
| 245 10 - MENCIÓN DE TITULO | |
| Título | Apuntes de un viaje : |
| Subtítulo | mi estadía en Santo Domingo / |
| Mención de responsabilidad | José Martí. |
| 246 ## - VARIACION DEL TÍTULO | |
| Título propiamente dicho o título corto | Apuntes de un viaje a Santo Domingo (1895) |
| 260 ## - PUBLICACIÓN, DISTRIBUCIÓN, ETC. (PIE DE IMPRENTA) | |
| Lugar de publicación, distribución, etc | Santo Domingo : |
| Nombre del editor, distribuidor, etc. | Ediciones Renovación |
| Fecha de publicación, distribución, etc | 1973 |
| 300 ## - DESCRIPCIÓN FÍSICA | |
| Extensión | 98 p. ; |
| Dimensiones | 22 cm. |
| 500 ## - NOTA GENERAL | |
| Nota general | Incluye referencias bibliográficas y notas al pie de las páginas |
| 600 ## - ENCABEZAMIENTO DE MATERIA--NOMBRE PERSONAL | |
| Nombre personal | MARTÍ, JOSÉ, |
| Fechas asociadas con el nombre | 1853-1895 |
| Subdivisión temática general | VIAJE |
| 651 ## - ENCABEZAMIENTO DE MATERIA--NOMBRE GEOGRÁFICO | |
| Nombre geográfico | REPÚBLICA DOMINICANA |
| Subdivisión temática general | DESCRIPCIONES Y VIAJES |
| 651 ## - ENCABEZAMIENTO DE MATERIA--NOMBRE GEOGRÁFICO | |
| Nombre geográfico | HAITY |
| Subdivisión temática general | DESCRIPCIONES Y VIAJES |
| 942 ## - ADDED ENTRY ELEMENTS (KOHA) | |
| Source of classification or shelving scheme | Dewey Decimal Classification |
| Koha item type | Libros |
| 945 ## - INFORMACIÓN DE PROCESAMIENTO LOCAL | |
| Información de procesamiento local | Inventariado / 2017 VM |
| 956 ## - LOCAL ELECTRONIC LOCATION AND ACCESS (OCLC) | |
| Nombre de host | VMATEO |
| Número de acceso | 10 |
| Información de compresión | 20150512 |
| Inicio de sesión | BPMSU |
| Procesador de solicitud | 00151 |
| Withdrawn status | Lost status | Source of classification or shelving scheme | Damaged status | Not for loan | Collection code | Home library | Current library | Date acquired | Total Checkouts | Full call number | Barcode | Date last seen | Price effective from | Koha item type |
|---|---|---|---|---|---|---|---|---|---|---|---|---|---|---|
| Dewey Decimal Classification | Colección Dominicana | Biblioteca Pública Metropolitana Salomé Ureña | Biblioteca Pública Metropolitana Salomé Ureña | 05/12/2015 | 917.293 M378a | BPMSU15051698 | 05/12/2015 | 05/12/2015 | Libros |